Statistiques concernant Pays en lituanien

Cliquez ici pour prendre le quiz!

Statistiques générales

  • Ce quiz a été pris 49 fois
  • Le résultat moyen est 10 sur 15

Statistiques - réponses

LituanienFrançais% Correct
ŠvedijaSuéde
98%
IspanijaEspagne
95%
FilipinaiPhilippines
95%
SirijaSyrie
95%
EstijaEstonie
93%
MonakasMonaco
93%
AlžyrasAlgerie
88%
SuomijaFinlande
80%
ButanasBhoutan
73%
PrancūzijaFrance
70%
KinijaChine
50%
JemenasYemen
48%
Jungtinė KaralystėRoyaume-Uni
30%
VokietijaAllemagne
23%
Dramblio Kaulo
Krantas
Cote d'Ivoire
13%

Distribution des résultats

Percentile par nombre de réponses

% des personnes avec chaque résultat

Votre développement - résultats

Vous n’avez pas pris ce quiz